Information graphics : (Record no. 20431)

MARC details
000 -CABECERA
campo de control de longitud fija 00899nam a2200265 4500
003 - IDENTIFICADOR DEL NÚMERO DE CONTROL
campo de control OSt
005 - FECHA Y HORA DE LA ÚLTIMA TRANSACCIÓN
campo de control 20260601171009.0
008 - DATOS DE LONGITUD FIJA--INFORMACIÓN GENERAL
campo de control de longitud fija 260417b19982001NYU|||||\||||\00|\0\eng\d
020 ## - NÚMERO INTERNACIONAL ESTÁNDAR DEL LIBRO
Número Internacional Estándar del Libro 0500280770
040 ## - FUENTE DE LA CATALOGACIÓN
Centro catalogador/agencia de origen UKM
Centro/agencia transcriptor UKM
Centro/agencia modificador DAY
-- OCL
041 ## - CÓDIGO DE LENGUA
Código de lengua del texto/banda sonora o título independiente ENG
050 ## - SIGNATURA TOPOGRÁFICA DE LA BIBLIOTECA DEL CONGRESO
Número de clasificación TA174
Número de documento/Ítem W55 1998
100 #1 - ENTRADA PRINCIPAL--NOMBRE DE PERSONA
Nombre de persona Wildbur, Peter,
Fechas asociadas al nombre 1927-,
9 (RLIN) 32837
245 #1 - MENCIÓN DE TÍTULO
Título Information graphics :
Resto del título innovative solutions in contemporary design /
Mención de responsabilidad, etc. Peter Wildbur and Michael Burke
264 ## - PRODUCCIÓN, PUBLICACIÓN, DISTRIBUCIÓN, FABRICACIÓN Y COPYRIGHT
Nombre del de productor, editor, distribuidor, fabricante Thames and Hudson,
Fecha de producción, publicación, distribución, fabricación o copyright c1998
Producción, publicación, distribución, fabricación y copyright London :
300 ## - DESCRIPCIÓN FÍSICA
Extensión 176 páginas :
Otras características físicas hojas (algunas a color), mapas (algunos a color)
336 ## - TIPO DE CONTENIDO
Término de tipo de contenido texto
Fuente rdacontent
337 ## - TIPO DE MEDIO
Nombre/término del tipo de medio sin medio
Fuente rdamedia
338 ## - TIPO DE SOPORTE
Nombre/término del tipo de soporte volumen
Fuente rdacarrier
650 ## - PUNTO DE ACCESO ADICIONAL DE MATERIA--TÉRMINO DE MATERIA
Término de materia o nombre geográfico como elemento de entrada Diseño asistido por computadora
Subdivisión de forma Manuales
650 ## - PUNTO DE ACCESO ADICIONAL DE MATERIA--TÉRMINO DE MATERIA
Término de materia o nombre geográfico como elemento de entrada Gráficas por computadora
650 ## - PUNTO DE ACCESO ADICIONAL DE MATERIA--TÉRMINO DE MATERIA
Término de materia o nombre geográfico como elemento de entrada Gráficas en ingeniería
9 (RLIN) 32840
700 #1 - PUNTO DE ACCESO ADICIONAL--NOMBRE DE PERSONA
Nombre de persona Burke, Michael,
Fechas asociadas al nombre 1949- ,
Término indicativo de función/relación autor
9 (RLIN) 32841
942 ## - ELEMENTOS DE PUNTO DE ACCESO ADICIONAL (KOHA)
Fuente del sistema de clasificación o colocación Library of Congress Classification
Tipo de ítem Koha Libros

No items available.